| Tag |
First Indicator |
Second Indicator |
Subfields |
| LEADER |
00000cam a2200000 a 4500 |
| 001 |
in00000031000 |
| 005 |
20151007054926.0 |
| 008 |
860114s1986 miu 00011 ruso |
| 010 |
|
|
|a 86001095
|
| 020 |
|
|
|a 0875010040 (alk. paper)
|
| 035 |
|
|
|a (OCoLC)13331623
|
| 035 |
|
|
|9 AAB6673AM
|
| 040 |
|
|
|a DLC
|c DLC
|d m/c
|d TXA
|d UtOrBLW
|
| 049 |
|
|
|a TXAM
|c [A11535756]
|
| 050 |
0 |
0 |
|a PG3488.U725
|b S44 1986
|
| 082 |
0 |
|
|a 891.73/44
|2 19
|
| 100 |
1 |
|
|a Suslov, Aleksandr,
|d 1950-
|
| 240 |
1 |
0 |
|a Shestʹ sonmov
|
| 245 |
1 |
0 |
|a Shestʹ sonmov ; Plakun-gorod /
|c Aleksandr Suslov.
|
| 264 |
|
1 |
|a Ann Arbor :
|b Ardis,
|c [1986]
|
| 264 |
|
4 |
|c ©1986
|
| 300 |
|
|
|a 188 pages ;
|c 24 cm.
|
| 336 |
|
|
|a text
|b txt
|2 rdacontent
|
| 337 |
|
|
|a unmediated
|b n
|2 rdamedia
|
| 338 |
|
|
|a volume
|b nc
|2 rdacarrier
|
| 700 |
1 |
2 |
|a Suslov, Aleksandr,
|d 1950-
|t Plakun-gorod.
|f 1986.
|
| 740 |
0 |
|
|a Shestʹ sonmov.
|
| 740 |
0 |
|
|a Plakun-gorod.
|
| 999 |
|
|
|a MARS
|
| 999 |
f |
f |
|s f55eaa48-2b6c-393d-99d9-1d307de89116
|i a925c94e-71a9-3aa8-b902-fc84383bb1d1
|t 0
|
| 952 |
f |
f |
|p ric
|a Texas A&M University
|b Rellis Campus
|c Joint Library Facility
|s JLF
|d Remote Storage
|t 0
|e PG3488.U725 S44 1986
|h Library of Congress classification
|i unmediated -- volume
|m A14811535756
|
| 998 |
f |
f |
|a PG3488.U725 S44 1986
|t 0
|l Remote Storage
|